MARC

LEADER 00000nam0a2200000 4500
001 293809
005 20231102000629.0
035 |a (RuTPU)RU\TPU\book\318853 
090 |a 293809 
100 |a 20150506d1979 k y0rusy50 ca 
101 0 |a rus 
102 |a RU 
105 |a a z 001zy 
200 1 |a Аэрокосмические методы в гидрогеологии и инженерной геологии  |f А. В. Садов, А. Л. Ревзон 
210 |a Москва  |c Недра  |d 1979 
215 |a 223 с.  |c ил., карта 
320 |a Библиогр.: с. 206-217. 
320 |a Предм. указ.: с. 218-220. 
606 1 |a Гидрогеологические исследования с космических летательных аппаратов  |2 stltpush  |3 (RuTPU)RU\TPU\subj\6622  |9 34457 
606 1 |a Инженерно-геологические исследования  |x Аэрометоды  |2 stltpush  |3 (RuTPU)RU\TPU\subj\66298  |9 82504 
610 1 |a гидрогеология 
610 1 |a инженерная геология 
610 1 |a космические исследования 
610 1 |a дистанционное изучение 
610 1 |a природные ресурсы 
610 1 |a космические снимки 
610 1 |a аэрокосмические методы 
610 1 |a телевизионная съемка 
610 1 |a инфракрасная съемка 
610 1 |a интерпретация 
610 1 |a дешифрирование 
610 1 |a рельеф 
610 1 |a растительность 
610 1 |a схемы 
675 |a 556.3.042  |v 4 
675 |a 624.131.31  |v 4 
700 1 |a Садов  |b А. В.  |g Алексей Васильевич 
701 1 |a Ревзон  |b А. Л.  |g Андрей Львович 
801 1 |a RU  |b 63413507  |c 20150506 
801 2 |a RU  |b 63413507  |c 20161005  |g RCR 
942 |c BK